000 00838nam 22002653 4500
001 201883
011 _dOferta
021 _aPT
090 _a201883
100 _a20260421d u||y0pory50 ba
101 _apor
102 _aPT
200 _aColóquio. Letras
_fPropriedade e educação Fundação Calouste Gulbenkian
_gdireção Hernâni Cidade , Jacinto do Prado Coelho
_bPERIODICOS
207 _a13
210 _aLisboa
_cFundação Calouste Gulbenkian
_d1973
215 _a100 p.
_cbrochado
_d25 cm
300 _aPeriodicidade : Trimestral
606 _96
_aLiteratura Portuguesa
675 _a82
_vPT
_zpor
702 _94738
_aCidade
_bHernâni
_f1887-1975
702 _96287
_aCoelho
_bJacinto do Prado
_f1920-1984
710 _913686
_aFundação Calouste Gulbenkian
801 _aPT
_bBMMN
_gRPC
830 _d21/04/2026
990 _cARTIGOS